Statistiques concernant Dieux Age of Mythology

Cliquez ici pour prendre le quiz!

Statistiques générales

  • Ce quiz a été pris 67 fois
  • Le résultat moyen est 24 sur 60

Statistiques - réponses

Réponse% Correct
Zeus
100%
Poséidon
94%
Ra
92%
Hadès
90%
Odin
82%
Osiris
82%
Thor
82%
Héra
80%
Isis
80%
Loki
80%
Athéna
78%
Arès
73%
Héphaïstos
73%
Apollon
71%
Artemis
67%
Huang Di
67%
Cronos
65%
Gaia
65%
Hermès
65%
Seth
65%
Anubis
63%
Aphrodite
63%
Dionysos
61%
Ouranos
59%
Horus
47%
Bastet
41%
Hel
39%
Thot
35%
Sekhmet
31%
Atlas
29%
Heimdall
29%
Rhéa
29%
Baldr
27%
Freyja
25%
Hator
22%
Prométhée
22%
Tyr
22%
Nephtys
20%
Ptah
20%
Helios
16%
Njord
16%
Skadi
14%
He Bo
12%
Hecate
12%
Leto
12%
Océanos
12%
Bragi
10%
Théia
10%
Forsete
8%
Fu Xi
8%
Hyperion
8%
Nu Wa
8%
Shennong
8%
Sun Wukong
4%
Ao Kuang
2%
Chang'e
2%
Chongli
2%
Dabo Gong
2%
Xi Wangmu
2%
Zhong Kui
2%

Distribution des résultats

Percentile par nombre de réponses

% des personnes avec chaque résultat

Votre développement - résultats

Vous n’avez pas pris ce quiz